书目信息 |
| 题名: |
全球化与当代社会主义
|
|
| 作者: | 莫岳云 主编 | |
| 分册: | ||
| 出版信息: | 北京 人民出版社 2006 |
|
| 页数: | 365页 | |
| 开本: | 21cm | |
| 丛书名: | 马克思主义与现时代研究丛书 | |
| 单 册: | ||
| 中图分类: | D033.4 | |
| 科图分类: | ||
| 主题词: | 社会主义--研究--现代 , 社会主义 | |
| 电子资源: | ||
| ISBN: | 7-01-005945-4 | |
| 000 | 01044oam2 2200265 450 | |
| 001 | 1252893999 | |
| 005 | 20121004144214.95 | |
| 010 | @a7-01-005945-4@dCNY24.00 | |
| 100 | @a20070328d2006 em y0chiy50 ea | |
| 101 | 0 | @achi |
| 102 | @aCN@b110000 | |
| 105 | @ay z 000yy | |
| 200 | 1 | @a全球化与当代社会主义@Aquan qiu hua yu dang dai she hui zhu yi@e当代社会主义理论前沿问题研究述评@f莫岳云主编 |
| 210 | @a北京@c人民出版社@d2006 | |
| 215 | @a365页@d21cm | |
| 225 | 2 | @a马克思主义与现时代研究丛书 |
| 330 | @a本书对当代社会主义理论前沿的一些较为重大问题的研究进行了概述和评析。主要内容包括:当代资本主义的新变化与发展趋势研究述评、当代社会主义发展趋势研究述评、当代中国党政关系研究述评等。 | |
| 461 | 0 | @12001 @a马克思主义与现时代研究丛书 |
| 517 | 1 | @a当代社会主义理论前沿问题研究述评@Adang dai she hui zhu yi li lun qian yan wen ti yan jiu shu ping |
| 606 | 0 | @a社会主义@x研究@z现代 |
| 606 | 0 | @a社会主义 |
| 690 | @aD033.4@v4 | |
| 701 | 0 | @a莫岳云@Amo yue yun@4主编 |
| 801 | 0 | @aCN@bNLC@c20101222 |
| 905 | @a10447@dD033.4@eJY100 | |
| 全球化与当代社会主义:当代社会主义理论前沿问题研究述评/莫岳云主编.-北京:人民出版社,2006 |
| 365页;21cm.-(马克思主义与现时代研究丛书) |
| ISBN 7-01-005945-4:CNY24.00 |
| 本书对当代社会主义理论前沿的一些较为重大问题的研究进行了概述和评析。主要内容包括:当代资本主义的新变化与发展趋势研究述评、当代社会主义发展趋势研究述评、当代中国党政关系研究述评等。 |
| ● |
| 相关链接 |
|
|
|
|
正题名:全球化与当代社会主义
索取号:D033.4/JY100
 
预约/预借
| 序号 | 登录号 | 条形码 | 馆藏地/架位号 | 状态 | 备注 |
| 1 | 7811419 | 278114194 | 学院路分馆/ [索取号:D033.4/JY100] | 在馆 | |
| 2 | 7811420 | 278114201 | 学院路分馆/ [索取号:D033.4/JY100] | 在馆 |